00528nam a2200181 a 45000010010000000030011000100080041000210350026000620820016000881000023001042450035001272600033001626500013001959420012002089520091002209980020003119990015003310000-8542ELIB.Books110520 1997  a(ELIB.Books)0000-8687 a294.5 bPan aPanikkar, Raimundo aThe Unknown Christ of hinduism bNew York: Orbis Books c1997 aHinduism 2ddccBK 00102ddc4070aKBTSbKBTSd2011-05-20l0p11422r2022-01-22 00:00:00w2022-01-22yBK cbate2011-05-20 c8542d8542